<?xml version="1.0" encoding="UTF-8"?>
<record
    xmlns:xsi="http://www.w3.org/2001/XMLSchema-instance"
    xsi:schemaLocation="http://www.loc.gov/MARC21/slim http://www.loc.gov/standards/marcxml/schema/MARC21slim.xsd"
    xmlns="http://www.loc.gov/MARC21/slim">

  <leader>00320nam a22001217a 4500</leader>
  <datafield tag="999" ind1=" " ind2=" ">
    <subfield code="c">64746</subfield>
    <subfield code="d">64743</subfield>
  </datafield>
  <datafield tag="082" ind1=" " ind2=" ">
    <subfield code="a">&#x6F2;&#x6F9;&#x6F7;.&#x6F1;&#x6F6; &#x645; &#x627; &#x621;</subfield>
  </datafield>
  <datafield tag="100" ind1=" " ind2=" ">
    <subfield code="a"> &#x633;&#x6CC;&#x62F; &#x627;&#x628;&#x648;&#x627;&#x644;&#x627;&#x639;&#x644;&#x6CC; &#x645;&#x648;&#x62F;&#x648;&#x62F;&#x6CC;</subfield>
  </datafield>
  <datafield tag="245" ind1=" " ind2=" ">
    <subfield code="a">&#x62A;&#x641;&#x6BE;&#x6CC;&#x631; &#x627;&#x644;&#x642;&#x631;&#x627;&#x646;</subfield>
  </datafield>
  <datafield tag="250" ind1=" " ind2=" ">
    <subfield code="a">&#x62C;&#x644;&#x62F; &#x627;&#x648;&#x644;</subfield>
  </datafield>
  <datafield tag="260" ind1=" " ind2=" ">
    <subfield code="a">&#x644;&#x627;&#x6BE;&#x648;&#x631;</subfield>
    <subfield code="b">&#x62A;&#x631;&#x62C;&#x645;&#x627;&#x646; &#x642;&#x631;&#x627;&#x646;</subfield>
    <subfield code="c">&#x6F1;&#x6F9;&#x6F8;&#x6F2;</subfield>
  </datafield>
  <datafield tag="300" ind1=" " ind2=" ">
    <subfield code="a">&#x6F6;&#x6F6;&#x6F4;</subfield>
  </datafield>
  <datafield tag="942" ind1=" " ind2=" ">
    <subfield code="c">BK</subfield>
  </datafield>
  <datafield tag="952" ind1=" " ind2=" ">
    <subfield code="0">0</subfield>
    <subfield code="1">0</subfield>
    <subfield code="4">0</subfield>
    <subfield code="7">0</subfield>
    <subfield code="a">REF</subfield>
    <subfield code="b">REF</subfield>
    <subfield code="d">2019-06-26</subfield>
    <subfield code="l">0</subfield>
    <subfield code="o">&#x6F2;&#x6F9;&#x6F7;.&#x6F1;&#x6F6; &#x645; &#x627; &#x621;   (Shelf - 18D)</subfield>
    <subfield code="p">R13231</subfield>
    <subfield code="r">2019-06-26 00:00:00</subfield>
    <subfield code="y">BK</subfield>
  </datafield>
</record>
